3rd Biggest City In Every US State On A Map - Statistics

General Stats
  • This quiz has been taken 55 times
  • The average score is 34 of 50
Answers on the Map
Answers color-coded by a green-red scale on the quiz's map according to % correct below.
 
Answer Stats
City % Correct
Dallas, TX
94%
San Jose, CA
94%
Tampa, FL
94%
Cincinnati, OH
90%
North Las Vegas, NV
90%
Knoxville, TN
88%
Montgomery, AL
88%
Tacoma, WA
86%
Aurora, CO
84%
Green Bay, WI
84%
North Charleston, SC
84%
Greensboro, NC
82%
Mesa, AZ
82%
Norfolk, VA
82%
Salem, OR
82%
Shreveport, LA
82%
Augusta, GA
80%
Kansas City, KS
78%
Springfield, MA
78%
Springfield, MO
78%
New Haven, CT
75%
Yonkers, NY
73%
Allentown, PA
71%
Davenport, IA
71%
Concord, NH
69%
Rochester, MN
69%
Bowling Green, KY
67%
Juneau, AK
67%
Nampa, ID
67%
Norman, OK
67%
Bangor, ME
65%
Evansville, IN
65%
Great Falls, MT
65%
Fort Smith, AR
63%
Morgantown, WV
61%
Newark, DE
57%
Grand Forks, ND
55%
Gillette, WY
53%
Joliet, IL
53%
Warren, MI
51%
Paterson, NJ
49%
West Jordan, UT
49%
Aberdeen, SD
45%
Rio Rancho, NM
45%
Pearl City, HI
43%
Southaven, MS
43%
Bellevue, NE
41%
Cranston, RI
35%
Gaithersburg, MD
35%
Rutland, VT
24%
No matching quizzes found
Score Distribution
Percent of People with Each Score
Percentile by Number Answered
Your Score History
You have not taken this quiz